Quizzes
Events
Quiz Creation
Community
Videos
Private Events
Remove Ads
Sign In
Join for FREE
Feedback
Dark Mode
Quiz Categories
Sports
Geography
Music
Movies
Television
Just For Fun
Miscellaneous
History
Literature
Language
Science
Gaming
Entertainment
Religion
Holiday
For Kids
Quiz Lab
Recent
Popular Today
Quiz Kudos Today
Editor Picks
Curator Picks
Quizzes by...
Day
Popularity
Type
Ratings
Length
Year
Community
Subscriptions
Recent Discussions
Orange Saloon
Badges
Playlists
Quests
Create
Leaderboards
Showdown
Live 5
Trivia Bingo
Activity
Puzzle Library
Sporcle Events
Private Events
Virtual Trivia
Globe League
Become a Host
Pub Owners
SporcleCon
Opinionation
Our Games
Videos
Blog
Mobile Apps
Partnerships
Remove Ads and Go Orange
Feedback
Sports
Athletes
MLB
NBA
NHL
NFL
Soccer
Sports Teams
WWE
NCAA
Football
Premier League
Basketball
Baseball
Hockey
Golf
Tennis
Cricket
Rugby
Auto Racing
Olympics
World Cup
Sports
Athletes
MLB
NBA
NHL
NFL
Soccer
Sports Teams
WWE
NCAA
Football
Premier League
Basketball
Baseball
Hockey
Golf
Tennis
Cricket
Rugby
Auto Racing
Olympics
World Cup
Random Quiz
Search Sporcle
×
Quiz Lab
Quiz Lab
Sports
F1 Wins
Click on answers out of a set of options
Click on answers out of a set of options
Multiple Choice
Best Score? Go Orange.
F1 'unnecessary knowledge' quiz Stats
Test your knowledge with this quiz
By
Titoti
5m
12 Questions
543 Plays
543 Plays
543 Plays
Comments
Comments
Give Quiz Kudos
Give Quiz Kudos
-
- Ratings
hide this ad
Random Order
Randomize order of answers
Randomize order of answers
Replay
Link that replays current quiz
Next Quiz
Link to next quiz in quiz playlist
You Got
0%
They Got
Avg Score
65%
Avg Friend Score
Upgrade to see
Score Distribution
Jump to the score distribution portion of the page
Score
0/12
Timer
05:00
0
Plays Today
Question
Answer
Wrong Answers
Who is the only African to win WDC?
Jody Scheckter
95.4%
Mario Andretti
0.7%
Emerson Fittipaldi
1.5%
Juan Manuel Fangio
1.5%
At 2006, Kimi Räikkönen missed the speech given by Pelé to commemorate Michael Schumacher. Why?
'I was having a sh*t'
89.1%
'I was busy'
2%
'I forgot the whole thing'
1.8%
'Bwoah, I was sleeping'
5.5%
What unexpected mistake ruined Valtteri Bottas's race at Belgium 2015?
The team fitted him both, medium and soft tyres at the same time
83.9%
He forgot his gloves to the pits
2.6%
His car didn't even start
4.3%
A bee flew inside his helmet
7.9%
Who is the only New Zealander to win WDC?
Denny Hulme
81.3%
Bruce Mclaren
8.1%
Brendon Hartley
2.4%
Alan Jones
6.8%
Sebastian Vettel was born in 1987. Who was champion that season?
Nelson Piquet
77.8%
Keke Rosberg
3.7%
Nigel Mansell
3.7%
Alain Prost
14%
Where was Romain Grosjean born?
Geneva, Switzerland
68%
Vienna, Austria
1.8%
Paris, France
6.8%
Lyon, France
21.6%
How many constructors titles does Ferrari have?
16
64.9%
13
7.9%
20
9.4%
15
16.8%
What is the speed limit on the pit lane?
80km/h
59%
60km/h
25.9%
50km/h
7%
100km/h
7.2%
Who had big crash on lap 11 at the 2015 Russian gp, causing DNF?
Romain Grosjean
50.8%
Pastor Maldonado
20.3%
Kimi Räikkönen
5.4%
Daniil Kvyat
22.4%
How many pole positions did Toyota get during their F1 days?
3
42.7%
0
18.3%
1
35.3%
10
3%
What is Daniel Ricciardo's middle name?
Joseph
39.6%
Benjamin
14.6%
John
5.9%
He doesn't have a middle name
38.6%
Ayrton Senna has the most wins for McLaren, but out of following drivers, who has the least?
Niki Lauda
35.9%
Mika Häkkinen
5%
Lewis Hamilton
8.5%
James Hunt
49.7%
Quiz Playlist
Details
Report
Send in Message
Add To Playlist
Multiple Choice:
Click on answers out of a set of options
Random Order:
Randomize order of answers
Last Updated: Feb 14, 2018
Quiz Scoreboard
CHALLENGE
Sign Up to Join the Scoreboard
Show All
Scores
Hide
Comments
May contain spoilers
Recently Published
Movies - When Are They Set?
by FPL_Elf
Movies
5m
Popular People in 1961
by mucciniale
History
6m
1-10 Letter E Words III
by El_Dandy
Language
2m
More to Explore
Quiz From the Vault
Featured Blog Post
Where Did the Easter Bunny Come From?
hide this ad
You Might Also Like...
Tags
F1 Calendar
F1 Season
F1 Wins
F1 World
Formula 1
Today's Top Quizzes in Sports
Browse Sports
hide this ad
Today's Top Quizzes in F1 Wins
Browse F1 Wins
Top Contributed Quizzes in Sports
1
Les meilleurs buteurs des matchs entre le PSG et l’OM
2
FIFA Club World Cup Champions
3
Les entraîneurs de l'OM et du PSG au 21e siècle
4
2022 World Cup Stars
5
Name the Premier League winners with different clubs
6
La finale Lions - Afrique du Sud 2021
7
Criteria MLB: Left Handed Sluggers
8
Les joueurs passés par le LOSC et le RC Lens
9
Players with Multiple 50 Home Run Seasons
10
MLB Players with Two .350 Batting Average Seasons
Explore More
Trending Topics
Harry Potter
NBA
Kpop
Crossword
Marvel
Disney
Anime
Pokémon
Song
Country
The Office
NFL
WWE
Soccer
Puzzle
hide this ad
More By:
Titoti
Quiz
Plays
Rating
Category
Featured
Created
F1 'unnecessary knowledge' quiz
543
5.00
Sports
Feb 14, 2018
Go to Creator's Profile
Score Distribution
Quiz Creator Spotlight
Titoti
Follow
Send a Message
Quizzes Created
-
Created Quiz Play Count
-
More By This Creator
Popular Quizzes Today
1
Find the Countries of Europe - No Outlines Minefield
2
Find the US States - No Outlines Minefield
3
The Countries of the World
4
Popular People in 1961
5
US States
6
1-10 Letter E Words III
7
Find the US States
8
One Thing in Common: World Cities II
More Sports Quizzes
March 'Mad'ness: Angry Coaches
Curator's Pick
Trending Quizzes
Risky Map Clicking: Least Populous States A-Z
1-10 Letter F Words
1-10 Letter G Words
One Thing in Common: United Kingdom
Risky Map Clicking: Next State Alphabetically
Recently Updated
Leaping Animals
pecheneg
Reality TV Shows (A-Z)
bhenderson79
Rickey Henderson's Hall of Fame Teammates
pecheneg
Champions League XIs: Arsenal
pecheneg
Quick Pick: Celebrities in WWE's Hall of Fame
aduchscher
A-Z Keypad Blitz II
pecheneg
Multiple Oscar Actors
pecheneg
Mystery Phrase Blitz: Oscar 'Best Actors'
pecheneg
F. Scott Fitzgerald Novels
LTH
Pick 3 Villains
ddd62291
Trending Topics
Kpop
Anime
Disney
NBA
Crossword
Harry Potter
Marvel
Country
The Office
Puzzle
Song
Soccer
Pokémon
NFL
WWE
Your Account Isn't Verified!
In order to create a playlist on Sporcle, you need to verify the email address you used during registration. Go to your
Sporcle Settings
to finish the process.
Report this User
Report this user for behavior that violates our
Community Guidelines
.
Details:
Send Report
Go to the Sporcle.com Mobile Site →
Comments